Every BROCKHAMPTON Song - Statistics

General Stats
  • This quiz has been taken 93 times
  • The average score is 71 of 186
Answer Stats
Album Place on Album Song % Correct
SATURATION II 16 SUMMER
93%
SATURATION III 1 BOOGIE
89%
SATURATION 2 GOLD
86%
SATURATION II 1 GUMMY
84%
SATURATION III 15 TEAM
84%
SATURATION III 7 BLEACH
82%
GINGER 9 GINGER
82%
SATURATION 1 HEAT
80%
SATURATION II 2 QUEER
80%
SATURATION 3 STAR
80%
GINGER 2 SUGAR
80%
SATURATION 16 FACE
75%
SATURATION 15 MILK
75%
iridescence 1 NEW ORLEANS
73%
SATURATION III 11 SISTER/NATION
70%
SATURATION 5 2PAC
68%
SATURATION 17 WASTE
68%
GINGER 3 BOY BYE
66%
SATURATION III 3 JOHNNY
66%
GINGER 1 NO HALO
66%
SATURATION II 13 SWEET
66%
SATURATION III 2 ZIPPER
66%
SATURATION III 8 ALASKA
64%
ROADRUNNER: NEW LIGHT, NEW MACHINE PLUS PACK 1 BUZZCUT
64%
SATURATION II 10 JUNKY
64%
SATURATION III 12 RENTAL
64%
SATURATION 6 SKIT 1
64%
SATURATION 9 SKIT 2
64%
SATURATION II 4 TEETH
64%
SATURATION 8 BANK
61%
SATURATION 4 BOYS
61%
GINGER 7 DEARLY DEPARTED
61%
SATURATION II 14 GAMBA
61%
SATURATION III 9 HOTTIE
61%
SATURATION II 6 SCENE
61%
SATURATION 14 SKIT 3
61%
iridescence 14 TONYA
61%
The Family 17 Brockhampton
59%
SATURATION 13 CASH
59%
SATURATION III 5 CINEMA 1
59%
SATURATION III 10 CINEMA 2
59%
SATURATION III 14 CINEMA 3
59%
SATURATION II 11 SCENE 2
59%
SATURATION II 15 SUNNY
59%
SATURATION 12 BUMP
57%
iridescence 10 J'OUVERT
57%
ROADRUNNER: NEW LIGHT, NEW MACHINE PLUS PACK 5 THE LIGHT
57%
SATURATION II 7 TOKYO
57%
SATURATION 7 FAKE
55%
SATURATION II 3 JELLO
55%
SATURATION II 5 SWAMP
55%
iridescence 3 BERLIN
52%
GINGER 10 BIG BOY
52%
SATURATION II 12 FIGHT
52%
SATURATION II 8 JESUS
52%
SATURATION III 4 LIQUID
52%
TM 6 MAN ON THE MOON
52%
ARIZONA BABY 8 Peach
52%
SATURATION III 13 STAINS
52%
SATURATION III 6 STUPID
52%
SATURATION 11 SWIM
52%
GINGER 4 HEAVEN BELONGS TO YOU
50%
iridescence 13 SAN MARCOS
50%
GINGER 12 VICTOR ROBERTS
50%
ROADRUNNER: NEW LIGHT, NEW MACHINE PLUS PACK 2 CHAIN ON
48%
iridescence 11 HONEY
48%
ROADRUNNER: NEW LIGHT, NEW MACHINE PLUS PACK 15 SEX
48%
iridescence 4 SOMETHING ABOUT HIM
48%
The Family 13 The Family
48%
ROADRUNNER: NEW LIGHT, NEW MACHINE PLUS PACK 3 COUNT ON ME
45%
iridescence 2 THUG LIFE
45%
iridescence 5 WHERE THE CASH AT
45%
ROADRUNNER: NEW LIGHT, NEW MACHINE PLUS PACK 6 WINDOWS
45%
ROADRUNNER: NEW LIGHT, NEW MACHINE PLUS PACK 4 BANKROLL
43%
The Family 4 Big Pussy
43%
iridescence 7 DISTRICT
43%
GINGER 5 ST. PERCY
43%
ROADRUNNER: NEW LIGHT, NEW MACHINE PLUS PACK 13 THE LIGHT PT. II
43%
iridescence 15 FABRIC
41%
ALL-AMERICAN TRASH 9 FLIP MO
41%
TM 11 GOODBYE
41%
GINGER 6 IF YOU PRAY RIGHT
41%
ALL-AMERICAN TRASH 3 MICHIGAN
41%
The Family 2 RZA
41%
iridescence 9 TAPE
41%
SATURATION 10 TRIP
41%
ALL-AMERICAN TRASH 2 BEN CARSON
39%
SATURATION II 9 CHICK
39%
ALL-AMERICAN TRASH 4 INFATUATION
39%
iridescence 8 LOOPHOLE
39%
ALL-AMERICAN TRASH 8 PALACE
39%
iridescence 12 VIVID
39%
iridescence 6 WEIGHT
39%
ARIZONA BABY 5 Baby Boy
36%
American Boyfriend: A Suburban Love Story 1 Empty
36%
TM 4 NEW SHOES
36%
ROADRUNNER: NEW LIGHT, NEW MACHINE PLUS PACK 14 PRESSURE / BOW WOW
36%
ROADRUNNER: NEW LIGHT, NEW MACHINE PLUS PACK 9 WHAT'S THE OCCASION?
36%
GINGER 8 I BEEN BORN AGAIN
34%
GINGER 11 LOVE ME FOR LIFE
34%
Blanket 2 Blanket
32%
ARIZONA BABY 11 Boyer
32%
ALL-AMERICAN TRASH 5 BREAKFAST
32%
ROADRUNNER: NEW LIGHT, NEW MACHINE PLUS PACK 12 DEAR LORD
32%
ROADRUNNER: NEW LIGHT, NEW MACHINE PLUS PACK 11 DON'T SHOOT UP THE PARTY
32%
ROADRUNNER: NEW LIGHT, NEW MACHINE PLUS PACK 7 I'LL TAKE YOU ON
32%
ARIZONA BABY 2 Joyride
32%
TM 5 KEEP IT SOUTHERN
32%
TM 3 LISTERINE
32%
ROADRUNNER: NEW LIGHT, NEW MACHINE PLUS PACK 8 OLD NEWS
32%
The Family 16 The Ending
32%
ROADRUNNER: NEW LIGHT, NEW MACHINE PLUS PACK 10 WHEN I BALL
32%
ARIZONA BABY 4 Corpus Christi
30%
ALL-AMERICAN TRASH 1 ENCINO
30%
TM 1 FMG
30%
ARIZONA BABY 3 Georgia
30%
ROADRUNNER: NEW LIGHT, NEW MACHINE PLUS PACK 17 JEREMIAH - ORIGINAL
30%
American Boyfriend: A Suburban Love Story 14 American Boyfriend
27%
TM 9 DUCT TAPE
27%
The Family 3 Gold Teeth
27%
ROADRUNNER: NEW LIGHT, NEW MACHINE PLUS PACK 16 JEREMIAH - RMX
27%
ALL-AMERICAN TRASH 13 LOST IN LOVE
27%
ALL-AMERICAN TRASH 12 POISON
27%
The Family 10 37th
25%
The Family 5 All That
25%
TM 2 ANIMAL
25%
ALL-AMERICAN TRASH 10 HOME
25%
Mika's Laundry 9 Slug
25%
ALL-AMERICAN TRASH 7 CONTACTS
23%
ALL-AMERICAN TRASH 6 MOSSCLIFF
23%
The Family 1 Take It Back
23%
Mika's Laundry 2 Aphid
20%
ARIZONA BABY 1 Big Wheels
20%
ALL-AMERICAN TRASH 11 COTTON HOLLOW
20%
ARIZONA BABY 6 Mississippi
20%
TM 10 ALWAYS SOMETHING
18%
ARIZONA BABY 10 Crumble
18%
American Boyfriend: A Suburban Love Story 13 Miserable America
18%
American Boyfriend: A Suburban Love Story 11 Papercut
18%
The Family 8 Southside
18%
ARIZONA BABY 9 American Problem
16%
The Family 12 Any Way You Want Me
16%
TM 8 CRUCIFY ME
16%
American Boyfriend: A Suburban Love Story 8 Kin
16%
Mika's Laundry 12 Slow Motion
16%
The Family 7 Basement
14%
TM 7 BETTER THINGS
14%
The Family 11 Boyband
14%
Mika's Laundry 4 Gbiv
14%
The Family 9 Good Time
14%
Mika's Laundry 1 Green
14%
Blanket 6 Madonna
14%
American Boyfriend: A Suburban Love Story 9 Runner
14%
Mika's Laundry 3 Steel
14%
The Family 6 (Back From The) Road
11%
Mika's Laundry 7 Code Red
11%
American Boyfriend: A Suburban Love Story 16 I Do (End Credits)
11%
The Family 15 My American Life
11%
The Family 14 Prayer
11%
American Boyfriend: A Suburban Love Story 2 Seventeen
11%
Blanket 4 The Greys
11%
ARIZONA BABY 7 Use Me
11%
American Boyfriend: A Suburban Love Story 10 Flintridge
9%
Blanket 9 Mr. Edwards
9%
Mika's Laundry 11 Project
9%
Blanket 1 When The Rope Post 2 Break
9%
American Boyfriend: A Suburban Love Story 3 Blink
7%
Mika's Laundry 6 Dogfish
7%
American Boyfriend: A Suburban Love Story 12 June 29th
7%
Blanket 10 Scream
7%
American Boyfriend: A Suburban Love Story 5 Tattoo
7%
Blanket 5 Voyager
7%
Blanket 8 What Should I Do?
7%
American Boyfriend: A Suburban Love Story 6 Yellow
7%
American Boyfriend: A Suburban Love Story 15 Echo
5%
Mika's Laundry 10 Everybody Likes You
5%
American Boyfriend: A Suburban Love Story 4 Friendship
5%
Blanket 12 Heights, Spiders, and the Dark
5%
Mika's Laundry 13 Meetin' You
5%
Mika's Laundry 5 Purify
5%
American Boyfriend: A Suburban Love Story 7 Suburbian Born
5%
Mika's Laundry 8 Aren't You Excited
2%
Blanket 13 My Friend
2%
Blanket 11 Real 2 Me
2%
Blanket 3 Running Out
2%
Blanket 7 Today I Gave Up
2%
No matching quizzes found
Score Distribution
Percent of People with Each Score
Percentile by Number Answered
Your Score History
You have not taken this quiz